La filosofía de la ciencia física / (Record no. 58996)

MARC details
000 -LEADER
campo de control de longitud fija 00783nam a2200241 i 4500
001 - NÚMERO DE CONTROL
campo de control 58996
003 - IDENTIFICADOR DE NÚMERO DE CONTROL
campo de control ES-MaACL
005 - FECHA Y HORA DE LA ÚLTIMA TRANSACCIÓN
campo de control 20230906163934.0
007 - CAMPO FIJO DE DESCRIPCIÓN FÍSICA--INFORMACIÓN GENERAL
campo de control de longitud fija t|
008 - DATOS DE LONGITUD FIJA--INFORMACIÓN GENERAL
campo de control de longitud fija 031027s1946 sp |||| | spa d
100 1# - ENTRADA PRINCIPAL--NOMBRE DE PERSONA
Nombre de persona Eddington, Arthur Stanley
Títulos y otros términos asociados al nombre Sir.
9 (RLIN) 46616
245 13 - MENCIÓN DEL TÍTULO
Título La filosofía de la ciencia física /
Mención de responsabilidad, etc. Arthur S. Eddington ; traducción de Carlos E. Prélat y Alberto L.M. Lelong.
250 ## - MENCION DE EDICION
Mención de edición 2ª ed.
260 ## - PUBLICACIÓN, DISTRIBUCIÓN, ETC.
Lugar de publicación, distribución, etc. Buenos Aires :
Nombre del editor, distribuidor, etc. Sudamericana,
Fecha de publicación, distribución, etc. 1946 (
Fabricante J. Hays Bell)
300 ## - DESCRIPCIÓN FÍSICA
Extensión 306 p. ;
Dimensiones 21 cm.
490 1# - MENCIÓN DE SERIE
Mención de serie Ciencia y cultura
650 04 - PUNTO DE ACCESO ADICIONAL DE MATERIA--TÉRMINO DE MATERIA
Término de materia o nombre geográfico como elemento de entrada Física-
Subdivisión general Filosofía.
9 (RLIN) 12881
700 1# - ENTRADA AGREGADA--NOMBRE PERSONAL
Nombre de persona Prélat, Carlos E.
9 (RLIN) 93748
700 1# - ENTRADA AGREGADA--NOMBRE PERSONAL
Nombre de persona Lelong, Alberto L. M.
9 (RLIN) 182663
830 0# - PUNTO DE ACCESO ADICIONAL DE SERIE-TÍTULO UNIFORME
Título uniforme Ciencia y cultura
9 (RLIN) 182664
852 ## - LOCALIZACIÓN
Ubicación ES-MaACL
Número de control de estantería D-6343
Holdings
Estatus retirado Estado de pérdida Estado de daño No para préstamo Biblioteca de origen Biblioteca actual Ubicación en estantería Fecha de adquisición Fuente de adquisición Total de préstamos Signatura topográfica completa Código de barras Visto por última vez Precio de reemplazo Tipo de ítem Koha
        Biblioteca del Ateneo de Madrid Biblioteca del Ateneo de Madrid Sala Valle Inclán 17/01/2008     D-6343 901061886 23/02/2023 23/02/2023 Libro impreso